| 000 | 00631nam a2200241 a 4500 | ||
|---|---|---|---|
| 001 | 10881 | ||
| 003 | CO-ViMGA | ||
| 008 | 141112s2004 ck r 000 u spa d | ||
| 020 | _a8474236835 | ||
| 040 |
_aCO-ViMGA _bspa _cCO-ViMGA |
||
| 082 | 0 | 4 | _a539.725 S73e |
| 100 | 1 |
_aStewart, Ian _914891 |
|
| 245 | 1 | 0 | _aEs Dios un geómetra? |
| 250 | _a1 | ||
| 260 |
_aBarcelona, _cGrijalbo Mondadori, _cS.A. |
||
| 300 | _a311 p., lams. | ||
| 490 | _aDrakontos | ||
| 500 | _aFecha : 1995 | ||
| 650 | 1 | 4 |
_aCAOS - CIENCIA, TEORIAS _914892 |
| 650 | 1 | 4 |
_aSIMETRIA - BIOLOGIA _914893 |
| 650 | 1 | 4 |
_aSIMETRIA - FISICA _914894 |
| 942 |
_2ddc _cBK |
||
| 999 |
_c22101 _d22101 |
||